000 00686nam a2200265Ia 4500
005 20260302114621.0
008 008 260114s9999 xx 000 0 eng d
020 _a9781472547187
037 _aTextbook
040 _aCRL
040 _beng
040 _cCRL
041 _2eng
041 _aeng
084 _qCRL
100 _aJames Luchte
_91118886
245 0 _aNietzsche's Thus Spoke Zarathustra Before Sunrise
260 _bBloomsbury
260 _bBloomsbury Academic
260 _c2008
650 _aPhilosophy
856 _uhttps://dx.doi.org/10.5040/9781472547187?locatt=label:secondary_bloomsburyCollections
942 _cEBOOK
999 _c1683219
_d1683219